000 00808nam a2200229 a 4500
001 000016844
005 20200929164954.0
008 100310s2000 cu ac 000 0 spa d
020 _a959060420X
040 _aDO-SdBNP
_bspa
_cBNPHU
082 _a928.61
_bC117v
100 1 _aCabrera Vivanco, Ana,
_d1950-
_937296
245 1 3 _aLa voz del silencio /
_cAna Cabrera Vivanco ; prólogo Juan Nicolás Padrón.
260 _ala Habana :
_bEditorial de Ciencias Sociales,
_c2000.
300 _a143 p. :
_bil., retr. ;
_c20 cm.
500 _aIncluye notas al pie de las páginas
600 1 4 _aLOYNAZ, DULCE MARÍA,
_d1902-1997
_95563
650 4 _aAutores cubanos
_xSiglo xx
_xBiografías
_937297
700 1 2 _aNicolás Padrón, Juan,
_epról.
_937298
910 _aValidado. Control de calidad MFF
049 _aBNPD
999 _c16376
_d16376